Normal view
MARC view
Entry Personal Name
001 - CONTROL NUMBER
- control field: 1238258
003 - CONTROL NUMBER IDENTIFIER
- control field: OSt
005 - DATE AND TIME OF LATEST TRANSACTION
- control field: 20260430150714.0
008 - FIXED-LENGTH DATA ELEMENTS
- fixed length control field: 260430|| aca||aabn | a|a d
040 ## - CATALOGING SOURCE
- Original cataloging agency: OSt
- Transcribing agency: OSt
100 ## - HEADING--PERSONAL NAME
- Personal name: Chaudhary Vineet Au.; Saraswathy K.N. Gu.; Walia Gagandeep Kaur Gu
670 ## - SOURCE DATA FOUND
- Source citation: Work cat.: (OSt)1850429: Chaudhary Vineet Au.; Saraswathy K.N. Gu.; Walia Gagandeep Kaur Gu., Childhood Experiences and Health Outcomes Among Young Adults in Delhi NCR India: An Anthropological Inquiry, 2024
